| 000 | 00869cam8a220024100 4500 | ||
|---|---|---|---|
| 001 | lce00039267 | ||
| 008 | 750827s1973 is a b 000 0 eng | ||
| 010 | _a 75318680 //r863 | ||
| 035 | _a(Sirsi) r104280 | ||
| 035 | _a(DLC) 75318680 //r863 | ||
| 035 | _a(UPRA)lce00039267 | ||
| 040 | _dUPRA | ||
| 050 | 0 |
_aDS113.7 _b.S67 |
|
| 082 | _a301.45/1/042095694 | ||
| 100 | 1 |
_aStendel, Ori. _6A61417.1 |
|
| 245 | 1 | 4 |
_aThe minorities in Israel : _btrends in the development of the Arab and Druze communities 1948-1973 / _cby Ori Stendel. |
| 260 |
_a[Jerusalem : _bIsrael Economist, _c1973] |
||
| 504 | _aIncludes bibliographical references. | ||
| 650 | 0 |
_aPalestinian Arabs -- Israel. _zPalestinian Arabs -- Israel. _6S30605.1 |
|
| 650 | 0 |
_aDruzes -- Israel. _zDruzes -- Israel. _6S47709.1 |
|
| 949 |
_aDS113.7 _wlcc _i-148277 _mMAIN _tBOOK _lON-SHELF |
||
| 004 | 104280 | ||
| 999 |
_c163834 _d163834 |
||